<?xml version="1.0" encoding="UTF-8"?>
<record
    xmlns:xsi="http://www.w3.org/2001/XMLSchema-instance"
    xsi:schemaLocation="http://www.loc.gov/MARC21/slim http://www.loc.gov/standards/marcxml/schema/MARC21slim.xsd"
    xmlns="http://www.loc.gov/MARC21/slim">

  <leader>00663nam a2200181Ia 4500</leader>
  <controlfield tag="008">180921t2015    xxu||||| |||| 00| 0 sin d</controlfield>
  <datafield tag="041" ind1=" " ind2=" ">
    <subfield code="a">sin</subfield>
  </datafield>
  <datafield tag="080" ind1=" " ind2=" ">
    <subfield code="a">X92</subfield>
    <subfield code="b">GUR</subfield>
  </datafield>
  <datafield tag="100" ind1=" " ind2=" ">
    <subfield code="a">Guruge,Ananda W.P.</subfield>
  </datafield>
  <datafield tag="245" ind1=" " ind2=" ">
    <subfield code="a">&#xD85;&#xDB8;&#xDD2;&#xDBD; &#xDB8;&#xDD4;&#xDAD;&#xDD4; &#xD87;&#xDA7;&#xDBA; : &#xDC1;&#xDCA;&#x200D;&#xDBB;&#xDD3; &#xDBD;&#xD82;&#xD9A;&#xDCF;&#xDC0;&#xDDA; &#xDB1;&#xDD2;&#xDAF;&#xDC4;&#xDC3;&#xDCA; &#xD85;&#xDB0;&#xDCA;&#x200D;&#xDBA;&#xDCF;&#xDB4;&#xDB1;&#xDBA;&#xDDA; &#xDB4;&#xDD2;&#xDBA;&#xDCF;&#xD9C;&#xDDA; &#xDA2;&#xDD3;&#xDC0;&#xDD2;&#xDAD; &#xD9A;&#xDAE;&#xDCF;&#xDC0;</subfield>
  </datafield>
  <datafield tag="246" ind1=" " ind2=" ">
    <subfield code="a">Amila Mutu Etaya : Sri Lankawe Nidahas Adyapanaye Piyage Jeevitha Kathawa</subfield>
  </datafield>
  <datafield tag="260" ind1=" " ind2=" ">
    <subfield code="b">Godage</subfield>
    <subfield code="a">Colombo</subfield>
    <subfield code="c">2015</subfield>
  </datafield>
  <datafield tag="300" ind1=" " ind2=" ">
    <subfield code="b">436p, 21cm</subfield>
  </datafield>
  <datafield tag="700" ind1=" " ind2=" ">
    <subfield code="a">Wimalasena Vithana Pathirana</subfield>
    <subfield code="e">tr.</subfield>
  </datafield>
  <datafield tag="942" ind1=" " ind2=" ">
    <subfield code="c">BK</subfield>
  </datafield>
  <datafield tag="952" ind1=" " ind2=" ">
    <subfield code="0">0</subfield>
    <subfield code="1">0</subfield>
    <subfield code="4">0</subfield>
    <subfield code="7">0</subfield>
    <subfield code="8">MONO</subfield>
    <subfield code="a">MAIN</subfield>
    <subfield code="b">MAIN</subfield>
    <subfield code="d">2017-07-03</subfield>
    <subfield code="o">X92 GUR</subfield>
    <subfield code="p">162582</subfield>
    <subfield code="r">2023-06-01</subfield>
    <subfield code="w">2023-06-01</subfield>
    <subfield code="y">BK</subfield>
  </datafield>
  <datafield tag="999" ind1=" " ind2=" ">
    <subfield code="c">2273</subfield>
    <subfield code="d">2273</subfield>
  </datafield>
  <controlfield tag="003">LK-CoDNM</controlfield>
  <datafield tag="040" ind1=" " ind2=" ">
    <subfield code="a">LK-CoDNM</subfield>
    <subfield code="d">LK-CoDNM</subfield>
    <subfield code="e">LK-CoDNM</subfield>
  </datafield>
</record>
